Series 7 exam for dummies (Record no. 34682)

MARC details
000 -LEADER
fixed length control field 00570nam a2200181Ia 4500
020 ## - INTERNATIONAL STANDARD BOOK NUMBER
ISBN 9780470099322
050 ## - CALL MARK
Classification number HG 4928.5 .R53/
100 ## - STATEMENT OF RESPONSIBILITY--MAIN AUTHOR NAME
Personal name Rice, Steve.
245 #0 - TITLE STATEMENT
Title Series 7 exam for dummies
260 ## - PUBLICATION, DISTRIBUTION, ETC. (IMPRINT)
Place of publication Hoboken
260 ## - PUBLICATION, DISTRIBUTION, ETC. (IMPRINT)
Name of publisher J. Wiley & Sons
260 ## - PUBLICATION, DISTRIBUTION, ETC. (IMPRINT)
Year of publication 2007
300 ## - PHYSICAL DESCRIPTION
Number of Pages 356 p
650 ## - SUBJECT ADDED ENTRY--TOPICAL TERM
Topical Term Stockbrokers--United States--Examinations, questions, etc. Securities--United States--Examinations--Study guides. Stocks--United States--Examinations--Study guides.
942 ## - ADDED ENTRY ELEMENTS (KOHA)
Koha item type Books
Holdings
Withdrawn status Lost status Source of classification or shelving scheme Damaged status Not for loan Permanent Location Current Location Date acquired Accession Number Price effective from Koha item type
    Library of Congress Classification     NILE UNIVERSITY OF NIGERIA - MAIN LIBRARY NILE UNIVERSITY OF NIGERIA - MAIN LIBRARY 04/23/2025 0011820 04/23/2025 Books